Interating Interdisciplinary Research For Societal Well- Being (Record no. 212854)
[ view plain ]
| 000 -LEADER | |
|---|---|
| fixed length control field | 00661nam a22001817a 4500 |
| 005 - DATE AND TIME OF LATEST TRANSACTION | |
| control field | 20250804143042.0 |
| 010 ## - LCCN (DPL NO) | |
| LC control number | ENG-146332 |
| 020 ## - INTERNATIONAL STANDARD BOOK NUMBER | |
| Terms of availability | 650.00 |
| International Standard Book Number | 9789389934564 |
| 035 ## - SYSTEM CONTROL NUMBER | |
| System control number | EN-129864 |
| 037 ## - SOURCE OF ACQUISITION | |
| Source of stock number/acquisition | DBAD |
| 082 ## - DEWEY DECIMAL CLASSIFICATION NUMBER | |
| Classification number | 005 |
| 245 ## - TITLE STATEMENT | |
| Title | Interating Interdisciplinary Research For Societal Well- Being |
| Statement of responsibility, etc | Edited by Santosh Dhar, Upinder Dhar, Anjali Gupta |
| 260 ## - PUBLICATION, DISTRIBUTION, ETC. (IMPRINT) | |
| Place of publication, distribution, etc | Noida UP |
| Name of publisher, distributor, etc | D-5,SECTOR -2 |
| Date of publication, distribution, etc | 2025 |
| 270 ## - ADDRESS | |
| City | Noida |
| Address | D-5,Sector-2 |
| Postal code | 201 301 |
| Telephone number | 01204320295/ 2542557/4352866 |
| Electronic mail address | delhi.book@alliedpublishers.com |
| 300 ## - PHYSICAL DESCRIPTION | |
| Extent | 229p. |
| Dimensions | 25cm(hb) |
| 700 ## - ADDED ENTRY--PERSONAL NAME | |
| Personal name | Dhar Santosh, Dhar Upinder , Gupta Anjali |
| 9 (RLIN) | 83691 |
| 942 ## - ADDED ENTRY ELEMENTS (KOHA) | |
| Item type | English Books |
| Classification part | 005 |
| Call number suffix | INT |
| Edition | 1 |
| Source of classification or shelving scheme | Dewey Decimal Classification |
No items available.
